00689cam a22001933a 450000100060000000300060000600500170001200800410002904000150007004200070008510000180009224501970011026000290030750600300033651600200036670000380038683000290042485600420045342364PGUSA20140828083947.0130318s2013||||xxu|||||s|||||000 | eng d aPGUSAbeng adc1 aFaux, William10aEarly Western Travels, 1748-1846, Volume XII :bPart II (1820) of Faux's Memorable Days in America, 1819-20; and Welby's Visit to North America, 1819-20.h[electronic resource] /cWilliam Faux bProject Gutenberg,c2013 aPublic domain in the USA. aElectronic text1 aThwaites, Reuben Gold,d1853-1913 0aProject Gutenbergv4236440uhttp://www.gutenberg.org/ebooks/42364